000 00469nab a2200145Ia 4500
003 ES-SlBCS
005 20210601133745.0
008 140529s2011 xxu||||| |||| 00| 0 por d
041 _apor
100 1 _aChaves-Tannús, Marcio
_9209061
245 0 0 _aAspectos do legado cartesiano na teoria da linguagem
_c Marcio Chaves-Tannús
650 0 4 _aLógica
_914736
773 0 _tEducaçao e Filosofia
_gvol. Nº Especial 25, nº. 1, 2011, págs. 117-134
_wRev1534
942 _cAR
999 _c601626
_d601626